Les pays étrangers

Shranjeno v:
Bibliografske podrobnosti
Glavni avtor: Éthier-Blais, Jean
Format: Knjiga
Jezik:French
Izdano: Ottawa, Canadá Les Éditions le Méac 1982
Teme:
Oznake: Označite
Brez oznak, prvi označite!

MARC

LEADER 00000nam a2200000Ia 4500
008 170316s9999 xx 000 0 fre d
040 |a cru BVZT 
090 |a 818 E-3p 
100 |a Éthier-Blais, Jean 
245 |a Les pays étrangers 
260 |a Ottawa, Canadá 
260 |b Les Éditions le Méac 
260 |c 1982 
300 |a 467 páginas 
650 |a LITERATURA CANADIENSE 
999 |c 6420  |d 6420 
942 |c 15 D  |h 818 E-3p  |2 z